The Hangover Character Quiz - Statistics

General Stats
  • This quiz has been taken 232 times
  • The average score is 10 of 21
Answer Stats
Movies Hint Answer % Correct
Doug Billings
92%
Stuart Price
92%
I, II, III Wolf Pack. Alan Garner
91%
I, II, III International criminal. Leslie Chow
88%
Phil Wenneck
88%
I, II Famous boxer. Mike Tyson
80%
I, III Baby. Tyler
73%
I, III Drug dealer. Black Doug
70%
II 16-year old Stanford student. Teddy
51%
I Controlling ex-girlfriend. Melissa
36%
I, III Stripper. Jade
33%
III Mob leader. Marshall
32%
I, II, III Bride of the first film. Tracy Garner-Billings
31%
I Wedding chapel owner. Eddie Palermo
28%
II, III Bride of the second film. Lauren Srisai
22%
I, II, III Rich parents. Sid Garner
18%
II Undercover detective. Detective Peters
12%
II Underworld strip club operator. Samir
11%
I, II, III Wife of the teacher. Stephanie Wenneck
10%
III Pawn shop owner. Cassandra Garner
9%
I, II, III Linda Garner
6%
No matching quizzes found
Score Distribution
Percent of People with Each Score
Percentile by Number Answered
Your Score History
You have not taken this quiz